| 000 | 00724nam a22002417a 4500 | ||
|---|---|---|---|
| 001 | BD-DhSAU 4212 | ||
| 003 | BD-DhSAU | ||
| 005 | 20150301101435.0 | ||
| 008 | 150215b2012 ii a||||r|||| 001 0 eng d | ||
| 020 | _a9780071067850 | ||
| 040 | _aBD-DhSAU | ||
| 082 |
_222 _a658.15 _bK5273 |
||
| 100 | _aKhan, M Y | ||
| 245 |
_aFinancial management : _btext, problems and cases / _cM Y Khan and P K Jain. |
||
| 250 | _a6th ed. | ||
| 260 |
_aNew Delhi : _bTata McGraw-Hill Publishing Company , _cc2012. |
||
| 300 |
_axxi, L.10 p. : _bill. ; _c25 cm. |
||
| 500 | _aNew arrival 2014 | ||
| 504 | _aIncludes bibliographical references and index. | ||
| 590 | _ajoy | ||
| 650 |
_aCorporations. _xFinance. _zIndia. |
||
| 700 | _aJain, P K | ||
| 942 |
_2ddc _cBOOK |
||
| 999 |
_c4212 _d4212 |
||